000 00367 a2200157 4500
001 71208
020 _a8574061719
040 _cAnchieta - Colégio São Paulo
100 _aAzevedo, Ricardo
240 1 0 _aNão existe dor gostosa
_lpor
245 1 0 _aNão existe dor gostosa
300 _a35
362 0 _a2003
650 4 _aLiteratura infanto-juvenil
942 _cBK
999 _c71208
_d71208